La France des préfectures - Click Quiz - Statistiques

Statistiques générales
  • Ce quiz a été pris 1 138 fois
    1 102 depuis la dernière actualisation
  • Le résultat moyen est 11 sur 20
Statistiques - réponses
Hint Réponse % Correct
Souvent associée aux pruneaux Agen
82%
Préfecture la plus peuplée de France Paris
78%
A dans sa banlieue des villes comme Bron, Vénissieux ou Vaulx-en-Velin Lyon
77%
Aussi connue sous le nom de cité des ducs de Bretagne Nantes
77%
Possède l'un des amphithéâtres romains les mieux conservés au monde Nîmes
74%
A eu François Hollande comme maire Tulle
71%
Était la capitale de la France sous Louis XV Versailles
69%
La capitale la plus proche de cette préfecture est Paramaribo Cayenne
68%
Frontalière d'un pays étranger Strasbourg
61%
A vu son préfet être assassiné en 1998 Ajaccio
60%
Un immense lion surplombe la ville, en mémoire de la guerre de 1870 Belfort
59%
Est préfecture du département le moins peuplé de France Mende
57%
Célèbre pour ses images Epinal
56%
A succédé à Saintes en tant que préfecture de son département La Rochelle
53%
Préfecture la moins peuplée de France Privas
48%
A la confluence du Rhône et de la Durance Avignon
47%
Est préfecture du département le plus peuplé de France Lille
39%
Est la plus au sud de France Saint-Denis
29%
A été assiégée par Napoleon et les républicains en 1793 suite à une insurrection des royalistes qui avaient livré la ville aux anglais Toulon
23%
Est passée de petit bourg à cité moderne sur décision de Napoléon qui l'a promue préfecture de son département La Roche-sur-Yon
22%
Aucun quiz correspondant
Distribution des résultats
% des personnes avec chaque résultat
Percentile par nombre de réponses
Votre historique - résultats
Vous n’avez pas pris ce quiz depuis la dernière actualisation